| 000 | 01932nam a22002777a 4500 | ||
|---|---|---|---|
| 999 |
_c21778 _d21778 |
||
| 003 | AR-CdUCM | ||
| 008 | 190425b ||||| |||| 00| 0 spa d | ||
| 040 |
_aMUNICIPALIDAD PROVINCIAL DEL CUSCO _cBIBLIOTECA MUNICIPAL DEL CUSCO |
||
| 082 | _aRev.Univ/N°126-129/1967 | ||
| 110 |
_aUniversidad Nacional de San Antonio Abad del Cusco _915942 |
||
| 245 |
_aRevista Universitaria : _bÓrgano de la Universidad del Cuzco / |
||
| 260 |
_aCusco : _bH.G. Rozas, _c1967. |
||
| 300 |
_a498 páginas. : _c20 cm. |
||
| 440 |
_aRevista Universitaria _nAño LIII-LIV, 1964-1965, N°126-127,128-129. _946059 |
||
| 505 | _aContenido: El paleozoico superior en ele Perú. Carlos Kalafatovich Valle. -- La radio astronomía una nueva rama de las ciencias. Hans Rothgiesser Hansen. -- Síntesis de la flora de las provincias de Canas, Espinar y Chumbivilcas. César Vargas Calderón. -- El problemas Zootécnico de la producción de leche en el departamento del Cusco. Hugo Héctor Tejada Mercado. -- Una nueva hipótesis en el campo de la genética. Jorge Kuon Cabello. -- La rehabilitación. Julio A. Vizcarra. -- Dos poetas cuzqueños Abraham Vizcarra Echave, Carmela Perea de Thompson. Luis Nieto Miranda. -- Contratos de transferencia de dominio de predios rústicos y urbanos celebrados en las notarías públicas de la ciudad del Cuzco periodo 1952-1961. Gustavo Palacios Pimentel. Crónicas Universitarias. Homenaje póstumo a Jorge Chávez Chaparro. -- Eugenesia necesidad de su aplicación en el Perú. Bertha Degregori de Nieto. | ||
| 650 |
_aRadio Astronomía _946060 |
||
| 650 |
_aLiteratura cusqueña _946061 |
||
| 650 |
_aZootecnia _95913 |
||
| 700 |
_aKuon Cabello, Jorge _931347 |
||
| 700 |
_aKalafatovich Valle, Carlos _946062 |
||
| 700 |
_aVargas Calderón, César _931066 |
||
| 700 |
_aNieto Miranda, Luis _931822 |
||
| 710 |
_aUniversidad Nacional de San Antonio Abad del Cusco _915942 |
||
| 942 |
_2ddc _cPP |
||
| 945 | _arac | ||